| 000 | 01773nam a2200493 i 4500 | ||
|---|---|---|---|
| 001 | 30664 | ||
| 003 | KOSZ 005 | ||
| 005 | 20201103085646.0 | ||
| 008 | 980702s1995 pl a f |000 0 pol | ||
| 015 | _aUWD 1996/5746 | ||
| 020 | _a8386676434 | ||
| 035 | _a991004042899705066 | ||
| 035 | _a(PL-WaBN)b11074711-48omnis_nlop | ||
| 035 | _ab11074711 | ||
| 035 | _a(OCoLC)835210460 | ||
| 035 | _a(PL)b0000001107471 | ||
| 035 | _a(EXLNZ-48OMNIS_NETWORK)9910223645105606 | ||
| 040 |
_aWA N _cWA N _dKOSZ 005/EG |
||
| 080 | _a504.5 | ||
| 080 | _a(438) | ||
| 245 | 0 | 0 |
_aStan czystości rzek, jezior i Bałtyku : _bna podstawie wyników badań wykonywanych w ramach państwowego monitoringu środowiska w latach 1993-1994 / _cDorota Cydzik [et al. ; Państwowa Inspekcja Ochrony Środowiska]. |
| 260 |
_aWarszawa : _bPIOŚ, _c1995. |
||
| 300 |
_a125, [5] s. : _bmapy, wykr. (w tym kolor.) ; _c25 cm. |
||
| 336 |
_aTekst _btxt _2rdacontent |
||
| 337 |
_aBez urządzenia pośredniczącego _bn _2rdamedia |
||
| 338 |
_aWolumin _bnc _2rdacarrier |
||
| 380 | _aKsiążki | ||
| 388 | _a1901-2000 | ||
| 388 | _a1989-2000 | ||
| 490 | 1 | _aBiblioteka Monitoringu Środowiska | |
| 504 | _aBibliogr. s. 124-125. | ||
| 650 | 7 |
_aJeziora _2DBN |
|
| 650 | 7 |
_aWpływ na środowisko _2DBN |
|
| 650 | 7 |
_aRzeki _2DBN |
|
| 651 | 7 |
_aBałtyk (morze) _2DBN |
|
| 651 | 7 | _aPolska | |
| 658 | _aOchrona środowiska | ||
| 700 | 1 |
_aCydzik, Dorota _eAutor |
|
| 710 | 2 |
_aPaństwowa Inspekcja Ochrony Środowiska _4pbl |
|
| 830 | 0 | _aBiblioteka Monitoringu Środowiska | |
| 856 |
_uhttp://koha.tu.koszalin.pl/cgi-bin/koha/opac-detail.pl?biblionumber=30664 _yKatalog online BPK |
||
| 942 |
_2UKD _cKS |
||
| 999 |
_c30664 _d30664 |
||